01382nam a2200349 a 4500001001200000003000800012006001900020007001500039008004100054010001700095015001900112016001800131020002500149020002200174040002100196035002100217050002400238082001400262100001900276245012300295260007400418300002400492504006400516533015200580650004900732650003600781655002900817700002600846710001700872856012600889999001701015ebr10225436CaPaEBRm u cr cn|||||||||070803s2008 njua sb 001 0 eng  z 2007032132 aGBA7861552bnb7 z0141997522Uk z9780470036662 (pbk.) z0470036664 (pbk.) aCaPaEBRcCaPaEBR a(OCoLC)64674229614aQA76.7b.K45 2008eb04a005.12221 aKelly, Steven.10aDomain-specific modelingh[electronic resource] :benabling full code generation /cSteven Kelly, Juha-Pekka Tolvanen. aHoboken, N.J. :bWiley-Interscience :bIEEE Computer Society,cc2008. axvi, 427 p. :bill. aIncludes bibliographical references (p. 415-421) and index. aElectronic reproduction.bPalo Alto, Calif. :cebrary,d2013.nAvailable via World Wide Web.nAccess may be limited to ebrary affiliated libraries. 0aProgramming languages (Electronic computers) 0aComputer softwarexDevelopment. 7aElectronic books.2local1 aTolvanen, Juha-Pekka.2 aebrary, Inc.40uhttp://site.ebrary.com/lib/rucke/Doc?id=10225436zAn electronic book accessible through the World Wide Web; click to view c26872d26872